Geography of South Asia on Map - Statistics

General Stats
  • This quiz has been taken 524 times
  • The average score is 17 of 30
Answers on the Map
Answers color-coded by a green-red scale on the quiz's map according to % correct below.
 
Answer Stats
Hint Answer % Correct
Cities Mumbai
92%
Mountain Ranges Himalaya
91%
Mountain Peaks Mount Everest
90%
Cities Colombo
87%
Rivers Ganges
83%
Mountain Peaks K2
81%
Cities Kathmandu
81%
State/Province West Bengal
81%
Cities Male
80%
Rivers Indus
79%
Water Bodies Bay of {Bengal}
77%
Cities Lahore
75%
Plateaus Tibet
74%
Cities Thimphu
71%
Water Bodies {Arabian} Sea
68%
Cities Lhasa
64%
Cities Chittagong
60%
Rivers Brahmaputra
53%
Water Bodies {Andaman} Sea
51%
State/Province Gujarat
41%
Plateaus Deccan
40%
State/Province Baluchistan
35%
Desert Thar
30%
Mountain Peaks Kanchenjunga
17%
Mountain Ranges Karakoram
12%
Rivers Narmada
12%
Rivers Yamuna
12%
Forest Sunderbans
11%
Mountain Ranges Aravalli
7%
Plateaus Chota Nagpur
4%
No matching quizzes found
Score Distribution
Percent of People with Each Score
Percentile by Number Answered
Your Score History
You have not taken this quiz